[Event "Titled Tuesday intern op 19th Dec Early"]
[Site "Chess.com INT"]
[Date "2023.12.19"]
[Round "3"]
[White "Kovalev, Vladislav"]
[Black "Mendoza, Rodrigo"]
[Result "1/2-1/2"]
[WhiteElo "2582"]
[BlackElo "2129"]
[PlyCount "146"]
[EventDate "2023.12.19"]
[EventType "swiss (blitz)"]
[EventRounds "11"]
[EventCountry "USA"]
[SourceTitle "CB52_2023"]
[SourceDate "2023.12.27"]
[SourceVersion "1"]
[SourceVersionDate "2023.12.27"]
[SourceQuality "1"]

1. e4 c6 2. Nf3 d5 3. d3 Bg4 4. Nbd2 e6 5. h3 Bxf3 6. Nxf3 Nf6 7. e5 Nfd7 8. d4 c5 9. c4 cxd4 10. cxd5 Qa5+ 11. Bd2 Qxd5 12. Qb3 Qe4+ 13. Kd1 Nc5 14. Bb5+ Nc6 15. Qc4 a6 16. Bxc6+ Qxc6 17. Rc1 Rd8 18. Re1 d3 19. Re3 Be7 20. b4 Qa4+ 21. Ke1 Nd7 22. Rxd3 0-0 23. Qb3 Qxb3 24. axb3 Nb6 25. Rxd8 Rxd8 26. Rc7 Rd7 27. Rc2 h6 28. Ke2 Nd5 29. b5 axb5 30. Nd4 b4 31. Nb5 f6 32. exf6 Bxf6 33. Rc4 Be7 34. Nd4 Kf7 35. Nf3 Bd6 36. Rc8 Rc7 37. Rxc7+ Bxc7 38. Kd3 Bb6 39. Be1 Bc5 40. Ke4 b6 41. Ne5+ Ke7 42. f3 Nf6+ 43. Kd3 Nd5 44. Bd2 g5 45. Kc4 Be3 46. Be1 Kf6 47. Ng4+ Kg6 48. Bxb4 Bf4 49. Be1 h5 50. Nf2 Ne3+ 51. Kd3 Nxg2 52. Bc3 Nh4 53. Ke2 Nf5 54. Nd3 Ng3+ 55. Kf2 Kf5 56. Bd4 h4 57. Bxb6 e5 58. Nxf4 gxf4 59. Bd8 e4 60. Bxh4 e3+ 61. Ke1 Nh5 62. b4 Ke5 63. b5 Kd5 64. Be7 Ng7 65. h4 Nf5 66. Bg5 Kc5 67. Bxf4 Nxh4 68. Bxe3+ Kxb5 69. f4 Kc4 70. Ke2 Kd5 71. Kf2 Ke6 72. Kg3 Ng6 73. Kg4 Nxf4 1/2-1/2

[Event "Titled Tuesday intern op 24th Oct Late"]
[Site "Chess.com INT"]
[Date "2023.10.24"]
[Round "2"]
[White "Drygalov, Andrey"]
[Black "Mendoza, Rodrigo"]
[Result "1-0"]
[WhiteElo "2475"]
[BlackElo "2133"]
[PlyCount "63"]
[EventDate "2023.10.24"]
[EventType "swiss (blitz)"]
[EventRounds "11"]
[EventCountry "USA"]
[SourceTitle "Mega2024 Update 01"]
[Source "Chessbase"]
[SourceDate "2023.11.12"]
[SourceVersion "1"]
[SourceVersionDate "2023.11.12"]
[SourceQuality "1"]

1. e4 c6 2. Nf3 d5 3. d3 Bg4 4. h3 Bxf3 5. Qxf3 Nf6 6. e5 Nfd7 7. d4 e6 8. Bd3 c5 9. c3 Nc6 10. Be3 Qb6 11. b3 cxd4 12. cxd4 Bb4+ 13. Kf1 0-0-0 14. a3 Qa5 15. Qxf7 Bc3 16. Nxc3 Qxc3 17. Rd1 Qxb3 18. Be2 Rde8 19. Kg1 Qxa3 20. Qxg7 Qe7 21. Qh6 Rhg8 22. Kh2 Qg7 23. Qxg7 Rxg7 24. f4 Ne7 25. g4 h5 26. Kg2 Reg8 27. Kf2 h4 28. Bd3 Rf7 29. Ke2 a6 30. Rdf1 Nc6 31. f5 exf5 32. e6 1-0

[Event "Titled Tuesday intern op 22nd Aug Late"]
[Site "Chess.com INT"]
[Date "2023.08.22"]
[Round "5"]
[White "Mendoza, Rodrigo"]
[Black "Dourerassou, Jonathan"]
[Result "0-1"]
[WhiteElo "2152"]
[BlackElo "2415"]
[PlyCount "84"]
[EventDate "2023.08.22"]
[EventType "swiss (blitz)"]
[EventRounds "11"]
[EventCountry "USA"]
[SourceTitle "EXT 2024"]
[Source "ChessBase"]
[SourceDate "2023.10.10"]
[SourceVersion "1"]
[SourceVersionDate "2023.10.10"]
[SourceQuality "1"]

1. d4 d6 2. c4 g6 3. Nf3 Bg7 4. Nc3 Nf6 5. e4 0-0 6. Be2 Nbd7 7. 0-0 c5 8. Be3 cxd4 9. Nxd4 a6 10. f3 Nc5 11. Qd2 Bd7 12. Rae1 Rc8 13. Kh1 Ne6 14. b3 Re8 15. Bd1 Qa5 16. Nxe6 Bxe6 17. Nd5 Qxd2 18. Bxd2 b5 19. Be2 bxc4 20. Bxc4 Rc6 21. Rc1 Bxd5 22. exd5 Rc5 23. b4 Rcc8 24. Bxa6 Rxc1 25. Rxc1 Nxd5 26. Rc8 Kf8 27. b5 Bd4 28. a4 Rxc8 29. Bxc8 Nb6 30. Bb7 Nxa4 31. Bc6 Nb6 32. h4 e6 33. Bg5 f6 34. Bh6+ Ke7 35. g4 d5 36. Kg2 Nc4 37. Bg7 Be3 38. h5 gxh5 39. gxh5 h6 40. Bh8 Bg5 41. Kh3 Kf7 42. Bd7 Nb6 0-1

[Event "Titled Tuesday intern op 22nd Aug Late"]
[Site "Chess.com INT"]
[Date "2023.08.22"]
[Round "3"]
[White "Mendoza, Rodrigo"]
[Black "Shapiro, Daniel E"]
[Result "1-0"]
[WhiteElo "2152"]
[BlackElo "2284"]
[PlyCount "77"]
[EventDate "2023.08.22"]
[EventType "swiss (blitz)"]
[EventRounds "11"]
[EventCountry "USA"]
[SourceTitle "EXT 2024"]
[Source "ChessBase"]
[SourceDate "2023.10.10"]
[SourceVersion "1"]
[SourceVersionDate "2023.10.10"]
[SourceQuality "1"]

1. d4 Nf6 2. c4 e6 3. Nf3 d5 4. Nc3 Bb4 5. Bg5 c6 6. Bxf6 Qxf6 7. Qb3 Ba5 8. e3 0-0 9. Be2 dxc4 10. Qxc4 b5 11. Qb3 a6 12. 0-0 Nd7 13. Rac1 Bb7 14. Ne4 Qe7 15. Qc2 Rac8 16. a3 e5 17. dxe5 Nxe5 18. Nc5 Rfe8 19. Nxe5 Qxe5 20. Nxb7 Bc7 21. g3 Bb6 22. Nc5 Bxc5 23. Qxc5 Qxb2 24. Rc2 Qf6 25. Kg2 g6 26. Rfc1 Re5 27. Qb6 Rf5 28. Bd3 Rd5 29. Be4 Re5 30. Rxc6 Rxc6 31. Rxc6 Qe7 32. Rc8+ Kg7 33. Qd4 f6 34. Bd5 Qd6 35. Rg8+ Kh6 36. e4 Qxa3 37. Qd2+ g5 38. f4 gxf4 39. gxf4 1-0

[Event "Titled Tuesday intern op 15th Aug Late"]
[Site "Chess.com INT"]
[Date "2023.08.15"]
[Round "1"]
[White "Gubajdullin, Alexey"]
[Black "Mendoza, Rodrigo"]
[Result "1-0"]
[WhiteElo "2253"]
[BlackElo "2152"]
[PlyCount "23"]
[EventDate "2023.08.15"]
[EventType "swiss (blitz)"]
[EventRounds "11"]
[EventCountry "USA"]
[SourceTitle "EXT 2024"]
[Source "ChessBase"]
[SourceDate "2023.10.10"]
[SourceVersion "1"]
[SourceVersionDate "2023.10.10"]
[SourceQuality "1"]

1. d4 d5 2. Nf3 Nf6 3. Bf4 e6 4. Nbd2 c5 5. e3 Nc6 6. c3 Bd6 7. Bg3 0-0 8. Bd3 Re8 9. Ne5 Qc7 10. f4 b6 11. Bh4 Nd7 12. Bxh7+ 1-0

[Event "Titled Tuesday intern op 15th Aug Late"]
[Site "Chess.com INT"]
[Date "2023.08.15"]
[Round "3"]
[White "Keleberda, Timur"]
[Black "Mendoza, Rodrigo"]
[Result "0-1"]
[WhiteElo "2301"]
[BlackElo "2152"]
[PlyCount "116"]
[EventDate "2023.08.15"]
[EventType "swiss (blitz)"]
[EventRounds "11"]
[EventCountry "USA"]
[SourceTitle "EXT 2024"]
[Source "ChessBase"]
[SourceDate "2023.10.10"]
[SourceVersion "1"]
[SourceVersionDate "2023.10.10"]
[SourceQuality "1"]

1. e4 c6 2. d4 d5 3. f3 dxe4 4. fxe4 e5 5. Nf3 Bg4 6. Bc4 Nd7 7. 0-0 Ngf6 8. c3 Bd6 9. dxe5 Nxe5 10. Be2 Nxf3+ 11. Bxf3 Bc5+ 12. Kh1 Qxd1 13. Rxd1 0-0 14. Bg5 Nxe4 15. Bxe4 Bxd1 16. Nd2 Bh5 17. h3 Rfe8 18. g4 Bg6 19. Bf3 Be3 20. Bxe3 Rxe3 21. Kg2 Rd8 22. Nc4 Re7 23. Kf2 Be4 24. Re1 Rde8 25. Nd6 Bxf3 26. Nxe8 Rxe1 27. Kxe1 Kf8 28. Nd6 c5 29. Kf2 Bd5 30. a4 Bc6 31. a5 b6 32. a6 Bd7 33. Ke3 Ke7 34. Nc4 Bb5 35. Ne5 f6 36. Nf3 Bxa6 37. Nh4 g6 38. Ng2 Bb7 39. Nf4 Kd6 40. Nd3 Ba6 41. Nf4 Ke5 42. h4 Bc8 43. g5 fxg5 44. hxg5 Kf5 45. Nd5 Kxg5 46. Nc7 Bb7 47. Kf2 h5 48. Kg3 h4+ 49. Kh2 Kg4 50. Nb5 g5 51. Nxa7 Kf3 52. Nb5 g4 53. Nd6 g3+ 54. Kg1 Bd5 55. c4 Bc6 56. Nf7 Ke4 57. Kg2 Kd4+ 58. Kg1 h3 0-1

[Event "Cochabamba Hurtado Memorial"]
[Site "Cochabamba"]
[Date "2023.08.04"]
[Round "1"]
[White "Barros Jardi Arce, Sarai"]
[Black "Mendoza, Rodrigo"]
[Result "0-1"]
[WhiteElo "1338"]
[BlackElo "2152"]
[PlyCount "56"]
[EventDate "2023.08.04"]
[EventType "swiss"]
[EventRounds "7"]
[EventCountry "BOL"]
[SourceTitle "CBM 215 Extra"]
[Source "ChessBase"]
[SourceDate "2023.09.30"]
[SourceVersion "1"]
[SourceVersionDate "2023.09.30"]
[SourceQuality "1"]

1. e4 c6 2. d4 d5 3. exd5 cxd5 4. Bd3 Nf6 5. c3 Bg4 6. Qb3 Qd7 7. Bf4 Nc6 8. Nd2 e6 9. Ngf3 Bd6 10. Bg3 0-0 11. 0-0 Bxg3 12. fxg3 Qc7 13. Rae1 Ne7 14. Ne5 Bf5 15. Qc2 b5 16. Nb3 b4 17. Nc5 bxc3 18. bxc3 Bg6 19. g4 Rac8 20. Rb1 Bxd3 21. Qxd3 Nc6 22. Nxc6 Qxc6 23. Rb7 Ne4 24. Nxe4 dxe4 25. Qb1 e3 26. Rb3 f5 27. Rf4 fxg4 28. Rxg4 e2 0-1

[Event "Titled Tuesday intern op 25th Jul Late"]
[Site "Chess.com INT"]
[Date "2023.07.25"]
[Round "4"]
[White "Schnaider, Ilan"]
[Black "Mendoza, Rodrigo"]
[Result "1-0"]
[WhiteElo "2233"]
[BlackElo "2165"]
[PlyCount "67"]
[EventDate "2023.07.25"]
[EventType "swiss (blitz)"]
[EventRounds "11"]
[EventCountry "USA"]
[SourceTitle "EXT 2024"]
[Source "ChessBase"]
[SourceDate "2023.10.10"]
[SourceVersion "1"]
[SourceVersionDate "2023.10.10"]
[SourceQuality "1"]

1. e4 c6 2. Nc3 d5 3. Nf3 Bg4 4. h3 Bxf3 5. Qxf3 Nf6 6. e5 Ng8 7. d4 e6 8. Bd3 c5 9. dxc5 Bxc5 10. 0-0 Ne7 11. Qg3 g6 12. Bg5 Nbc6 13. Rad1 a6 14. Be2 Qc7 15. Bf6 Rg8 16. Na4 Ba7 17. c4 d4 18. Rb1 0-0-0 19. b4 d3 20. Bxd3 Nf5 21. Bxd8 Qxd8 22. Bxf5 gxf5 23. Qf4 Nd4 24. Kh1 Ne2 25. Qf3 Nd4 26. Qh5 Qd7 27. Nc5 Qc6 28. f3 Ne2 29. Qxf7 Ng3+ 30. Kg1 Bxc5+ 31. bxc5 Qxc5+ 32. Rf2 Ne2+ 33. Kh2 Rg6 34. Qxb7+ 1-0

[Event "La Paz Casa Argentina op"]
[Site "La Paz"]
[Date "2023.07.07"]
[Round "4"]
[White "Araujo, Amilcar"]
[Black "Mendoza, Rodrigo"]
[Result "0-1"]
[WhiteElo "1581"]
[BlackElo "2165"]
[PlyCount "54"]
[EventDate "2023.07.06"]
[EventType "swiss"]
[EventRounds "7"]
[EventCountry "BOL"]
[SourceTitle "CBM 215 Extra"]
[Source "ChessBase"]
[SourceDate "2023.09.30"]
[SourceVersion "1"]
[SourceVersionDate "2023.09.30"]
[SourceQuality "1"]

1. d4 Nf6 2. Nf3 e6 3. c4 Bb4+ 4. Bd2 Qe7 5. a3 Bxd2+ 6. Nbxd2 d5 7. e3 b6 8. Bd3 Bb7 9. 0-0 Nbd7 10. Rc1 c5 11. Ne5 0-0 12. Ndf3 dxc4 13. Bxc4 Rfd8 14. Qe2 Nxe5 15. dxe5 Ng4 16. e4 Qc7 17. Ng5 Nxe5 18. Qh5 h6 19. Nxe6 fxe6 20. Bxe6+ Nf7 21. f4 Rf8 22. f5 Kh8 23. f6 Ng5 24. Bc4 Qe5 25. Kh1 Rxf6 26. h4 Qxe4 27. Rg1 Rf4 0-1

[Event "Titled Tuesday intern op 27th Jun Late"]
[Site "Chess.com INT"]
[Date "2023.06.27"]
[Round "1"]
[White "Mendoza, Rodrigo"]
[Black "Ghazarian, Kirk Vagho"]
[Result "0-1"]
[WhiteElo "2195"]
[BlackElo "2479"]
[PlyCount "166"]
[EventDate "2023.06.27"]
[EventType "swiss (blitz)"]
[EventRounds "11"]
[EventCountry "USA"]
[SourceTitle "EXT 2024"]
[Source "ChessBase"]
[SourceDate "2023.10.10"]
[SourceVersion "1"]
[SourceVersionDate "2023.10.10"]
[SourceQuality "1"]

1. d4 d5 2. c4 e6 3. Nc3 a6 4. e4 dxe4 5. Nxe4 Bb4+ 6. Nc3 c5 7. Be3 cxd4 8. Bxd4 Nf6 9. a3 Be7 10. Nf3 Nc6 11. Be3 0-0 12. Be2 Ng4 13. Bf4 Qb6 14. 0-0 Qxb2 15. Na4 Qf6 16. Bg5 Qg6 17. Nb6 Bxg5 18. Nxg5 Qxg5 19. Nxa8 Rd8 20. Qb3 Nd4 21. Qd1 Nf3+ 22. Bxf3 Rxd1 23. Raxd1 Ne5 24. Be4 Qe7 25. Nb6 Bd7 26. Nxd7 Nxd7 27. Bxb7 Nc5 28. Bf3 g6 29. Rb1 Kg7 30. Rfd1 h5 31. h3 h4 32. Rb6 Qf6 33. Rc6 Qe5 34. Rc8 a5 35. Rb1 Nd3 36. Rf1 Qd4 37. Rc7 Ne5 38. Rc8 Nxf3+ 39. gxf3 Qc3 40. Kg2 Qxa3 41. c5 Qc3 42. c6 a4 43. c7 a3 44. Ra8 Qxc7 45. Rxa3 Qf4 46. Re3 Qg5+ 47. Kh2 Qf5 48. Kg2 Kf6 49. Kh2 Qg5 50. Rg1 Qc5 51. Rg4 Qh5 52. Kg2 g5 53. Rc4 Qh7 54. Rc7 Qf5 55. Re4 Kg6 56. Rg4 Qe5 57. Rcc4 Qd5 58. Rgd4 Qb7 59. Rb4 Qa8 60. Ra4 Qe8 61. Ra7 f6 62. Rdd7 e5 63. Rg7+ Kf5 64. Rgf7 Qe6 65. Rfe7 Qd5 66. Red7 Qc4 67. Re7 Qc5 68. Rac7 Qb4 69. Rb7 Qd4 70. Rbd7 Qa4 71. Ra7 Qb4 72. Rab7 Qa3 73. Ra7 Qc1 74. Rac7 Qb1 75. Rf7 e4 76. fxe4+ Qxe4+ 77. Kh2 Qf3 78. Rc2 Qf4+ 79. Kg1 g4 80. Rc5+ Kg6 81. Rf8 gxh3 82. Rg8+ Kf7 83. Rgc8 Qf3 0-1

[Event "Titled Tuesday intern op 27th Jun Late"]
[Site "Chess.com INT"]
[Date "2023.06.27"]
[Round "2"]
[White "Pakleza, Zbigniew"]
[Black "Mendoza, Rodrigo"]
[Result "1-0"]
[WhiteElo "2494"]
[BlackElo "2195"]
[PlyCount "47"]
[EventDate "2023.06.27"]
[EventType "swiss (blitz)"]
[EventRounds "11"]
[EventCountry "USA"]
[SourceTitle "EXT 2024"]
[Source "ChessBase"]
[SourceDate "2023.10.10"]
[SourceVersion "1"]
[SourceVersionDate "2023.10.10"]
[SourceQuality "1"]

1. d4 d5 2. Bf4 Nf6 3. e3 e6 4. Nd2 Bd6 5. Bg3 0-0 6. Ngf3 b6 7. Ne5 c5 8. c3 Qc7 9. f4 Ba6 10. Bxa6 Nxa6 11. 0-0 Nb8 12. Qf3 Nc6 13. Rad1 a5 14. h3 a4 15. a3 b5 16. Kh1 Nd7 17. e4 cxd4 18. Nxc6 Qxc6 19. cxd4 b4 20. Rc1 Qb7 21. f5 Bxg3 22. Qxg3 Rac8 23. fxe6 fxe6 24. Qd6 1-0